Statistics for Biggest Cities By Letter - S

Click here to take the quiz!

General Stats

  • This quiz has been taken 154 times
  • The average score is 13 of 20

Answer Stats

PopulationCountryCity% Correct
22,868,000South KoreaSeoul
99%
20,568,000BrazilSão Paulo
95%
21,766,000ChinaShanghai
95%
6,020,000United StatesSan Francisco
93%
3,956,000AustraliaSydney
92%
6,171,000ChileSantiago
91%
4,899,000RussiaSaint Petersburg
88%
2,608,000YemenSana'a
83%
3,065,000United StatesSan Diego
80%
3,180,000United StatesSeattle
67%
5,287,000-Singapore
67%
2,654,000JapanSapporo
62%
12,506,000ChinaShenzhen
55%
4,075,000BrazilSalvador
43%
4,703,000IndonesiaSurabaya
42%
5,631,000ChinaShenyang
36%
4,791,000IndiaSurat
27%
2,364,000ChinaShantou
20%
4,402,000ChinaSuzhou
20%
3,044,000ChinaShijiazhuang
8%

Score Distribution

Percentile by Number Answered

Percent of People with Each Score

Your Score History

You have not taken this quiz